Online Catalogue and eLibrary

Sri Lankan Subordinates of the British : (Record no. 5713)

MARC details
000 -LEADER
fixed length control field 00502nam a2200169Ia 4500
005 - DATE AND TIME OF LATEST TRANSACTION
control field 20240605052754.0
008 - FIXED-LENGTH DATA ELEMENTS--GENERAL INFORMATION
fixed length control field 240331s9999 xx 000 0 und d
020 ## - INTERNATIONAL STANDARD BOOK NUMBER
ISBN 9789551772932
082 ## - DDC Classification
Item Number - Author Mark AND
Class No. 370
100 ## - MAIN ENTRY--PERSONAL NAME
Personal name Andradi,W.M.D.D
245 #0 - TITLE STATEMENT
Title Sri Lankan Subordinates of the British :
Remainder of title English- educated Ceylonese in Official Life 1865 - 1883
260 ## - PUBLICATION, DISTRIBUTION, ETC.
Place of publication, distribution, etc. Colombo
Name of publisher, distributor, etc. Social Scientists' Association
Date of publication, distribution, etc. 2011
300 ## - PHYSICAL DESCRIPTION
Extent (e.g. Volumes, Pages etc.) iv,365 p.,
650 ## - SUBJECT ADDED ENTRY--TOPICAL TERM
Topical term or geographic name entry element Subordination
650 ## - SUBJECT ADDED ENTRY--TOPICAL TERM
Topical term or geographic name entry element British Era
942 ## - Koha item type (Biblio)
Koha item type Books in Stacks (Lending)
Holdings
Lost status Damaged status Collection code Home library Current library Shelving location Date acquired Full call number Accession Number Item type
    Lending WERC Library WERC Library Social Science Cupboard 03/31/2024 370.95 AND 6730 Books in Stacks (Lending)

© WERC Library